| 000 | 00454nam a2200157Ia 4500 | ||
|---|---|---|---|
| 003 | LK-CoDNM | ||
| 008 | 010623t1918 xxu||||| |||| 00| 1 eng d | ||
| 040 |
_aLK-CoDNM _dLK-CoDNM _eLK-CoDNM |
||
| 041 | _aeng | ||
| 080 |
_a50 _bC12 |
||
| 245 | _aThe sixty second annual report of the Ceylon Tamil Cooly Mission : The Church Missionary Society,1917 | ||
| 260 |
_bCeylon Observer _aColombo _c1918 |
||
| 300 | _b46P., 20 cm | ||
| 650 | _aReports | ||
| 942 | _cBK | ||
| 999 |
_c89459 _d89459 |
||